Researching organizations: the practice of organization fieldwork/

Saved in:
Bibliografiske detaljer
Hovedforfatter: JONES, Mathew
Format: Bog
Sprog:engelsk
Udgivet: Sage 2014
Tags: Tilføj Tag
Ingen Tags, Vær først til at tagge denne postø!

MARC

LEADER 00000nam a22000007a 4500
008 210817b ||||| |||| 00| 0 eng d
020 |a ISBN: 978-1-4462-5722-7 
100 |a JONES, Mathew. 
245 |a Researching organizations: the practice of organization fieldwork/  |c Mathew Jones.-   |g  xiii; 221p.; ill. 
260 |b Sage  |c 2014  |h  Los Angeles  |i 692026 – EDM   |i 692027  |l HD30.4 .J73  |m 1. Organization – Research – Methodology  |m I. Title. 
500 |a “It includes index and references” 
942 |a lcc  |c BK  |e j o ifatola  |f 17/ 08/ 2021 
952 |0 0  |1 0  |2 lcc  |4 0  |6 HD00304 J73  |7 0  |9 3067  |a MPL  |b HOL  |c GJ  |d 2021-08-17  |l 0  |o HD30.4 .J73  |p 2021-66766  |r 2021-08-17 00:00:00  |w 2021-08-17  |y BK 
952 |0 0  |1 0  |2 lcc  |4 0  |6 HD00304 J73  |7 0  |9 3068  |a MPL  |b HOL  |c GJ  |d 2021-08-17  |l 0  |o HD30.4 .J73  |p 2021-66767  |r 2021-08-17 00:00:00  |w 2021-08-17  |y BK 
999 |c 1554  |d 1554